An introduction to laplace transforms and fourier series (Record no. 2041)
[ view plain ]
| 000 -LEADER | |
|---|---|
| fixed length control field | 00604 a2200169 4500 |
| 001 - CONTROL NUMBER | |
| control field | 068358 |
| 003 - CONTROL NUMBER IDENTIFIER | |
| control field | OSt |
| 005 - DATE AND TIME OF LATEST TRANSACTION | |
| control field | 20220216145346.0 |
| 008 - FIXED-LENGTH DATA ELEMENTS--GENERAL INFORMATION | |
| fixed length control field | |
| 082 ## - DEWEY DECIMAL CLASSIFICATION NUMBER | |
| Classification number | 515.723 |
| Item number | D99I |
| 100 1# - MAIN ENTRY--PERSONAL NAME | |
| Personal name | Dyke, P.P.G. |
| 245 1# - TITLE STATEMENT | |
| Title | An introduction to laplace transforms and fourier series |
| Statement of responsibility, etc | by P.P.G. Dyke |
| 260 ## - PUBLICATION, DISTRIBUTION, ETC. (IMPRINT) | |
| Place of publication, distribution, etc | New York |
| Name of publisher, distributor, etc | Springer |
| Date of publication, distribution, etc | 2010 |
| 300 ## - PHYSICAL DESCRIPTION | |
| Extent | 250p. |
| 653 ## - INDEX TERM--UNCONTROLLED | |
| Uncontrolled term | Fourier series; Laplace transformation; Mathematics; Fourier analysis; Global analysis (Mathematics); Fourier transformations; Engineering mathematics; Functions of complex variables |
| 942 ## - ADDED ENTRY ELEMENTS (KOHA) | |
| Source of classification or shelving scheme | Dewey Decimal Classification |
| Koha item type | Books |
| Withdrawn status | Lost status | Source of classification or shelving scheme | Damaged status | Not for loan | Collection code | Home library | Current library | Date acquired | Source of acquisition | Cost, normal purchase price | Full call number | Barcode | Date last seen | Price effective from | Koha item type |
|---|---|---|---|---|---|---|---|---|---|---|---|---|---|---|---|
| Dewey Decimal Classification | General Text Book | Central University Of Rajasthan | Central University Of Rajasthan | 07/03/2012 | MTH | 225.00 | 515.723 D99I | 2645 | 21/11/2024 | 02/09/2020 | Books |
